[Event "Chigorin Memorial"]
[Site "St Petersburg RUS"]
[Date "2012.10.30"]
[Round "4.118"]
[White "Hairapetian,A"]
[Black "Maksimov,Dmitri"]
[Result "0-1"]
[WhiteElo "2185"]
[BlackElo "1982"]

1.e4 c5 2.Nf3 e6 3.d4 cxd4 4.Nxd4 Nc6 5.Nc3 Qc7 6.Be2 Nf6 7.O-O a6 8.Be3 Bb4
9.Nxc6 bxc6 10.Na4 d5 11.Nb6 Rb8 12.Nxc8 Qxc8 13.exd5 cxd5 14.c3 Be7 15.Qa4+ Qd7
16.Qxa6 Rxb2 17.Rab1 Rxb1 18.Rxb1 O-O 19.Rb7 Qd8 20.a4 Ne4 21.Qc6 Bf6 22.Bb6 Qa8
23.a5 Nxc3 24.Bf1 h6 25.Qd7 Na4 26.a6 Nxb6 27.Rxb6 Bd4 28.Rb7 Qc8 29.Qa4 Qc5
30.Qa2 Ra8 31.g3 h5 32.h4 g6 33.Kg2 Kg7 34.Bd3 Qc3 35.Qe2 e5 36.Qf3 Rf8 37.Qd1 e4
38.Be2 Rd8 39.Rb3 Qa1 40.Rb1 Qc3 41.Rb3 Qa1 42.Qd2 Bf6 43.Rb7 Qd4 44.Qa5 e3
45.Qc7 Rf8 46.a7 Be5 47.Qe7 Qe4+ 48.Bf3 Qf5 49.Qxf8+ Kxf8 50.a8=Q+ Kg7 51.Qa2 exf2
52.Qxf2 Qd3 53.Rxf7+ Kxf7 54.Be4+  0-1

[Event "Vizag GM Open 2012"]
[Site "Visakhapatnam IND"]
[Date "2012.10.30"]
[Round "7.2"]
[White "Vovk,A"]
[Black "Fominyh,A"]
[Result "1-0"]
[WhiteElo "2564"]
[BlackElo "2490"]

1.e4 c5 2.Nf3 e6 3.d4 cxd4 4.Nxd4 Nc6 5.Nc3 a6 6.Be3 Nf6 7.f3 Bb4 8.Qd2 d5
9.a3 Be7 10.exd5 Nxd5 11.Nxd5 Qxd5 12.Bd3 Bh4+ 13.g3 Nxd4 14.Bxd4 e5 15.Bc3 Be7
16.Qe2 f6 17.O-O-O Qc6 18.f4 Bxa3 19.Qh5+ Kf8 20.Kb1 e4 21.Bxe4 Qxe4 22.Rhe1 Qg6
23.Rd8+  1-0

[Event "Chigorin Memorial"]
[Site "St Petersburg RUS"]
[Date "2012.10.31"]
[Round "5.28"]
[White "Alekseenko,K"]
[Black "Durarbayli,V"]
[Result "1-0"]
[WhiteElo "2434"]
[BlackElo "2584"]

1.e4 c5 2.Nf3 e6 3.d4 cxd4 4.Nxd4 Nc6 5.Nc3 Qc7 6.Be2 Nf6 7.O-O Be7 8.Be3 O-O
9.Kh1 d6 10.a4 Rd8 11.f4 Bd7 12.Qd2 Rac8 13.Rad1 Be8 14.Qe1 a6 15.Qf2 Nb4
16.Bf3 Qb8 17.g4 Bf8 18.g5 Nd7 19.Bg4 Nc5 20.Qh4 e5 21.Nf5 Qc7 22.Rf3 Nxe4
23.Rh3 h6 24.Nxe4 Qxc2 25.Nf2 exf4 26.Bd4 Bc6+ 27.Kg1 Re8 28.gxh6 Qd2 29.Ne4 Bxe4
30.Rxd2 Rc1+ 31.Rd1  1-0

[Event "Chigorin Memorial"]
[Site "St Petersburg RUS"]
[Date "2012.11.01"]
[Round "6.51"]
[White "Alsina Leal,D"]
[Black "Minko,V"]
[Result "1-0"]
[WhiteElo "2528"]
[BlackElo "2293"]

1.e4 c5 2.Nf3 e6 3.d4 cxd4 4.Nxd4 Nc6 5.Nc3 Qc7 6.Be2 Nf6 7.O-O a6 8.Be3 Bb4
9.Na4 Be7 10.Nxc6 bxc6 11.Nb6 Rb8 12.Nxc8 Qxc8 13.Bd4 Qc7 14.e5 Nd5 15.c4 Nf4
16.Bf3 O-O 17.g3 c5 18.Bc3 Ng6 19.Qe2 f6 20.exf6 Bxf6 21.Bxf6 Rxf6 22.Rad1 Ne7
23.Be4 Nf5 24.Bxf5 Rxf5 25.Rd2 Rbf8 26.Qe4 Re5 27.Rxd7 Rxe4 28.Rxc7 Rxc4
29.Rd1 Rc2 30.f4 Rxb2 31.Rdd7 Rfb8 32.Rxg7+ Kh8 33.Rxh7+ Kg8 34.Rcg7+ Kf8
35.a4 c4 36.Rg5 Rd8 37.Rh8+ Ke7 38.Rxd8 Kxd8 39.Rc5 Rb4 40.h4 Ke7 41.h5 Kd6
42.Rc8 Kd7 43.h6 Rb1+ 44.Kg2 Rb2+ 45.Kh3 Rb1 46.Rxc4 Rh1+ 47.Kg4 Rxh6 48.Rb4  1-0

[Event "Chigorin Memorial"]
[Site "St Petersburg RUS"]
[Date "2012.11.01"]
[Round "6.68"]
[White "Balaian,Ali"]
[Black "Timofeeva,Ekaterina"]
[Result "1-0"]
[WhiteElo "2180"]
[BlackElo "2331"]

1.e4 c5 2.Nf3 e6 3.Nc3 Nc6 4.d4 cxd4 5.Nxd4 Qc7 6.f4 a6 7.Be2 b5 8.Be3 Bb7
9.O-O Bc5 10.Nf5 Qb6 11.Nd6+ Ke7 12.Bf2 Nd8 13.e5 Nh6 14.Qd3 f5 15.Rad1 Bc6
16.Qg3 Kf8 17.Bf3 Bxf2+ 18.Qxf2 Qxf2+ 19.Rxf2 Bxf3 20.Rxf3 g5 21.h3 Rg8 22.fxg5 Rxg5
23.Nce4 Rg7 24.Nf6 Nc6 25.Re3 Ke7 26.Nde8 Rf7 27.Rxd7+ Kf8 28.Rd6 Nd8 29.Rc3 Nb7
30.Rxe6 Rd8 31.Nd6 Nxd6 32.exd6 f4 33.d7  1-0

[Event "Vizag GM Open 2012"]
[Site "Visakhapatnam IND"]
[Date "2012.11.01"]
[Round "9.13"]
[White "Minhazuddin,A"]
[Black "Chandra,Akshat"]
[Result "1/2-1/2"]
[WhiteElo "2407"]
[BlackElo "2269"]

1.e4 c5 2.Nf3 e6 3.d4 cxd4 4.Nxd4 Nc6 5.Nc3 Qc7 6.Be2 a6 7.O-O Nf6 8.Be3 Bb4
9.Na4 Be7 10.Nxc6 bxc6 11.Nb6 Rb8 12.Nxc8 Qxc8 13.Bd4 Nxe4 14.Bxg7 Rg8 15.Be5 d6
16.Bd3 dxe5 17.Bxe4 f5 18.Qh5+ Kf8 19.Bd3  1/2-1/2

[Event "TCh-NOR Eliteserien 2012-13"]
[Site "Haraldsheim NOR"]
[Date "2012.11.02"]
[Round "5"]
[White "Nilsen,Jo"]
[Black "Bjerke,S"]
[Result "1-0"]
[WhiteElo "2229"]
[BlackElo "2210"]

1.e4 c5 2.Nf3 e6 3.d4 cxd4 4.Nxd4 Nc6 5.Nc3 Qc7 6.Be3 a6 7.Be2 Nf6 8.O-O Bb4
9.Na4 Be7 10.Nxc6 bxc6 11.Nb6 Rb8 12.Nxc8 Qxc8 13.Bd4 Qc7 14.e5 Nd5 15.c4 Nf4
16.Bf3 O-O 17.Re1 Ng6 18.Be4 Bb4 19.Re3 c5 20.Bc3 Bxc3 21.bxc3 Nxe5 22.Bxh7+ Kxh7
23.Qh5+ Kg8 24.Rxe5 f5 25.Re3 Rf6 26.Qg5 Qd8 27.Rd1 Qe7 28.h3 Rb2 29.Red3 Rf7
30.Qc1 Rxa2 31.Qb1 Re2 32.Kf1 Re4 33.f3 Rxc4 34.Rxd7 Qxd7 35.Rxd7 Rxd7 36.Qb3 Rh4
37.Qxe6+ Rf7 38.Qe8+ Rf8 39.Qe6+ Kh7 40.Qxa6 f4 41.Qd3+ Kh6 42.Qd6+ Rf6 43.Qxc5 Rh5
44.Qd4 Rg5 45.c4 Rff5 46.c5 Rxc5 47.Qxf4 Rf5 48.Qh4+ Kg6 49.Qe4 Kf7 50.h4 Re5
51.Qc4+  1-0

[Event "TCh-NOR Eliteserien 2012-13"]
[Site "Haraldsheim NOR"]
[Date "2012.11.02"]
[Round "6"]
[White "Moen,A"]
[Black "Bjerke,S"]
[Result "1-0"]
[WhiteElo "2390"]
[BlackElo "2210"]

1.e4 c5 2.Nf3 e6 3.d4 cxd4 4.Nxd4 Nc6 5.Nc3 Qc7 6.Be3 a6 7.Qd2 Nf6 8.O-O-O Be7
9.f3 O-O 10.g4 b5 11.Kb1 Ne5 12.g5 Nh5 13.f4 Ng4 14.e5 Bb7 15.Rg1 b4 16.Rxg4 bxc3
17.Qxc3 Qxc3 18.bxc3 Rfc8 19.c4 Rab8 20.Kc1 Ba3+ 21.Kd2 Be4 22.Bd3 Bxd3 23.Kxd3 Rb4
24.c5 Rb2 25.Nb3 Rxa2 26.f5 Bb2 27.c3 Ra3 28.Kc2 Rb8 29.Rb4 Rxb4 30.cxb4 Bxe5
31.Rxd7 Kf8 32.fxe6 fxe6 33.c6 Ke8 34.Ra7 Ra4 35.g6 hxg6 36.Bc5 g5 37.c7 Kd7
38.Bb6 Bd6 39.Ra8 Bxc7 40.Nc5+ Kc6 41.Nxa4 Bxb6 42.Rxa6 Kb5 43.Rxb6+ Kxa4
44.Kc3 Nf4 45.Kc4 Ka3 46.Ra6+ Kb2 47.b5  1-0

[Event "Chigorin Memorial"]
[Site "St Petersburg RUS"]
[Date "2012.11.02"]
[Round "7.25"]
[White "Bodnaruk,A"]
[Black "Matlakov,M"]
[Result "1/2-1/2"]
[WhiteElo "2425"]
[BlackElo "2665"]

1.e4 c5 2.Nf3 Nc6 3.d4 cxd4 4.Nxd4 e6 5.Nc3 Qc7 6.Be2 Nf6 7.O-O a6 8.Be3 Be7
9.a4 O-O 10.f4 d6 11.Kh1 Re8 12.Bd3 Nb4 13.a5 Bd7 14.Qf3 g6 15.Qg3 Nh5 16.Qf3 Nf6
17.Qg3 Nh5 18.Qf3 Nf6 19.Qg3  1/2-1/2

[Event "TCh-CZE Extraliga 2012-13"]
[Site "Czech Republic CZE"]
[Date "2012.11.03"]
[Round "1.3"]
[White "Rasik,V"]
[Black "Krejci,Jan2"]
[Result "0-1"]
[WhiteElo "2516"]
[BlackElo "2529"]

1.e4 c5 2.Nf3 e6 3.d4 cxd4 4.Nxd4 Nc6 5.Nc3 Qc7 6.Be3 a6 7.Qd2 Nf6 8.O-O-O Bb4
9.f3 Ne5 10.Nb3 d5 11.Bd4 O-O 12.a3 Bd6 13.exd5 exd5 14.Qf2 Be6 15.g3 Rac8
16.Kb1 b5 17.f4 Nfg4 18.Qg2 Nc4 19.Qf3 Nh6 20.Bd3 Nf5 21.Nxd5 Qc6 22.Be4 Bxd5
23.Bxd5 Qc7 24.Bc3 Nfe3 25.Rd3 Nxd5 26.Qxd5 Rfe8 27.Nd4 Bf8 28.Qf3 Qb6 29.Re1 b4
30.axb4 Rxe1+ 31.Bxe1 Bxb4 32.Bxb4 Qxb4 33.Nb3 a5 34.Qd1 Qb6 35.Rd7 a4 36.Qd5 Qf6
37.Nd4 Nb6 38.Qb7 Rf8 39.c3 Nxd7 40.Qxd7 Qa6 41.Qb5 Qxb5 42.Nxb5 Re8 43.Nd4 Re1+
44.Ka2 Rh1 45.h4 h5 46.Nb5 Rg1 47.c4 Rxg3 48.c5 Kf8 49.Nc3 Rf3 50.Ka3 Rxf4
51.Nxa4 g5 52.b4 Rf3+ 53.Kb2 Ke7 54.b5 gxh4 55.c6 Kd6 56.Nc3 Rf5 57.Ne4+ Kc7  0-1

[Event "TCh-NED Meesterklasse 2012-13"]
[Site "Netherland NED"]
[Date "2012.11.03"]
[Round "3.2"]
[White "Saltaev,M"]
[Black "Haast,A"]
[Result "1-0"]
[WhiteElo "2477"]
[BlackElo "2235"]

1.e4 c5 2.Nf3 e6 3.d4 cxd4 4.Nxd4 Nc6 5.Nc3 Qc7 6.g3 a6 7.Bg2 b6 8.O-O Bb7
9.Re1 d6 10.Nd5 exd5 11.Nxc6 d4 12.e5 d5 13.Nxd4 Ne7 14.e6 f6 15.Bf4 Qc5
16.Re3 b5 17.Rc3 Qb6 18.a4 b4 19.a5 Qa7 20.Rc7 Rc8 21.c4  1-0

[Event "Chigorin Memorial"]
[Site "St Petersburg RUS"]
[Date "2012.11.03"]
[Round "8.119"]
[White "Drachev,Oleg"]
[Black "Maksimov,Dmitri"]
[Result "1-0"]
[WhiteElo "2220"]
[BlackElo "1982"]

1.e4 c5 2.Nf3 e6 3.d4 cxd4 4.Nxd4 Nc6 5.Nc3 Qc7 6.Be3 a6 7.Qd2 Nf6 8.f3 b5
9.O-O-O Be7 10.Kb1 Bb7 11.g4 O-O 12.g5 Ne8 13.h4 Ne5 14.Rg1 Rc8 15.f4 Nc4
16.Bxc4 Qxc4 17.Qd3 Bb4 18.Nce2 Nd6 19.Ng3 Rfd8 20.Rg2 Nxe4 21.Nxe4 Qd5 22.Nf6+ gxf6
23.gxf6+ Qxg2 24.Rg1 Kh8 25.Rxg2 Bxg2 26.f5 Bd5 27.Bh6 Bf8 28.Bg7+ Bxg7 29.fxg7+ Kxg7
30.Qg3+ Kh8 31.Qe5+ Kg8 32.Qf6 Be4 33.Qg5+ Kh8 34.h5 f6 35.Qxf6+ Kg8 36.h6  1-0

[Event "TCh-HUN 2012-13"]
[Site "Budapest HUN"]
[Date "2012.11.04"]
[Round "3"]
[White "Korpa,B"]
[Black "Medvegy,N"]
[Result "0-1"]
[WhiteElo "2336"]
[BlackElo "2328"]

1.e4 c5 2.Nf3 e6 3.d4 cxd4 4.Nxd4 Nc6 5.Nc3 Qc7 6.Be3 a6 7.Qd2 Nf6 8.f3 b5
9.O-O-O Bb7 10.g4 h6 11.h4 b4 12.Na4 d5 13.Nxc6 Bxc6 14.Nb6 Rd8 15.e5 d4
16.exf6 dxe3 17.Qxd8+ Qxd8 18.Rxd8+ Kxd8 19.fxg7 Bxg7 20.Be2 Kc7 21.Nc4 Bd4
22.a3 bxa3 23.Nxa3 Rb8 24.c3 Bc5 25.b4 Bd6 26.Nc4 Bf4 27.Nb2 Bb5 28.c4 Bc6
29.Nd3 Bd6 30.c5 Bf8 31.g5 Bb5 32.Rd1 hxg5 33.hxg5 Be7 34.Rg1 Bxd3 35.Bxd3 Rxb4
36.g6 fxg6 37.Rxg6 Bxc5 38.Bxa6 Rb6 39.Bc4 Kd7 40.Kd1 Ke7 41.Rh6 Bd4 42.f4 Rc6
43.Bb3 Bg7 44.Rh7 Kf6 45.Ke2 Kg6 46.Rh1 Bh6 47.Kf3 e2 48.Kxe2 Bxf4 49.Ba4 Rc3
50.Rb1 e5 51.Rb3 Rc7 52.Be8+ Kf5 53.Rb5 Bg5 54.Kd3 Be7 55.Bh5 Kf4 56.Bg6 Ra7
57.Rd5 Ra6 58.Bh7 Rh6 59.Bg8 e4+ 60.Ke2 Rh2+ 61.Kf1 e3 62.Rd4+ Ke5 63.Rd5+ Ke4  0-1

[Event "24th Leuven Open"]
[Site "Leuven BEL"]
[Date "2012.11.04"]
[Round "2.7"]
[White "Froeyman,H"]
[Black "Passchyn,M"]
[Result "1-0"]
[WhiteElo "2310"]
[BlackElo "1931"]

1.e4 e6 2.d4 c5 3.Nf3 cxd4 4.Nxd4 Nc6 5.Nc3 a6 6.Be2 Qc7 7.O-O Nf6 8.Be3 Be7
9.f4 O-O 10.Kh1 Rd8 11.Bf3 b5 12.e5 Ne8 13.Nxc6 dxc6 14.Qe2 Bb7 15.a4 b4
16.Ne4 c5 17.a5 Bd5 18.Nd2 Qc6 19.Nc4 Nc7 20.f5 Bxf3 21.Rxf3 exf5 22.Rxf5 Qe6
23.Raf1 Nb5 24.Nb6 Ra7 25.Qf2 Nd4 26.Rxf7 Qxe5 27.Nc4 Qe6 28.b3 Rad7 29.Qg3 Bf8
30.R7f2 Re8 31.Qf4 h6 32.Qg3 Nxc2 33.Rxc2 Rd3 34.Qf2 Qd5 35.Rb2 Qe4 36.Bxc5  1-0

[Event "TCh-ESP CECLUB Div Honor 2012"]
[Site "Leon ESP"]
[Date "2012.11.05"]
[Round "1.3"]
[White "Delchev,A"]
[Black "Ivanov,Sergey1"]
[Result "1-0"]
[WhiteElo "2587"]
[BlackElo "2542"]

1.e4 c5 2.Nf3 e6 3.d4 cxd4 4.Nxd4 Nc6 5.Nc3 Qc7 6.Be3 Nf6 7.f4 Bb4 8.Nb5 Qa5
9.e5 Nd5 10.Bd2 Nxc3 11.bxc3 Bc5 12.c4 Qd8 13.Qg4 O-O 14.Bd3 b6 15.Bc3 Ba6
16.Nd6 Bxd6 17.exd6 f6 18.O-O Na5 19.Rf3 Qe8 20.Rh3 g6 21.Qh4 Qf7 22.Bxg6 Qxg6
23.Rg3 Kg7 24.f5 exf5 25.Rf1 Nxc4 26.Rxf5 Ne5 27.Rxe5 fxe5 28.Bxe5+  1-0

[Event "TCh-ESP CECLUB Div Honor 2012"]
[Site "Leon ESP"]
[Date "2012.11.05"]
[Round "1.3"]
[White "Harikrishna,P"]
[Black "Mchedlishvili,M"]
[Result "0-1"]
[WhiteElo "2692"]
[BlackElo "2639"]

1.e4 c5 2.Nf3 e6 3.d4 cxd4 4.Nxd4 Nc6 5.Nc3 a6 6.Be2 d6 7.O-O Nf6 8.f4 Be7
9.Nxc6 bxc6 10.e5 dxe5 11.fxe5 Qxd1 12.Rxd1 Nd7 13.Bf4 Rb8 14.b3 Rb4 15.Bg3 c5
16.a3 Rd4 17.Bf3 h5 18.Re1 Bh4 19.Bxh4 Rxh4 20.Ne4 Nxe5 21.Bd1 Ke7 22.g3 Rg4
23.Nxc5 Rg5 24.h4 Rf5 25.Rf1 Nf3+ 26.Bxf3 Rxc5 27.c4 g5 28.b4 Rxc4 29.hxg5 h4
30.Rac1 Rxc1 31.Rxc1 hxg3 32.a4 Bd7 33.Rc7 Rb8 34.b5 axb5 35.a5 Kd8 36.Rc1 Bc8
37.Bh5 b4 38.Bxf7 b3 39.Rb1 Ke7 40.Bg6 Ba6 41.Kg2 Bc4 42.Be4 b2 43.a6 Bxa6
44.Kxg3 Bc4 45.g6 Ba2 46.Rf1 b1=Q 47.Rf7+ Ke8 48.Bxb1 Bxb1 49.Rf6 Bf5 50.Kf4 Rb7
51.Ke5 Rd7  0-1

[Event "Subzonal 2.3 2012"]
[Site "Pamplona COL"]
[Date "2012.11.05"]
[Round "1.15"]
[White "Ruiz C,J"]
[Black "Trujillo,Fernando"]
[Result "1-0"]
[WhiteElo "2332"]
[BlackElo "2026"]

1.e4 c5 2.Nf3 e6 3.d4 cxd4 4.Nxd4 Nc6 5.Nc3 Qc7 6.Be3 a6 7.Bd3 Nf6 8.O-O Ne5
9.f4 Nc4 10.Bxc4 Qxc4 11.Qf3 Bb4 12.Nde2 d5 13.exd5 Nxd5 14.Nxd5 exd5 15.c3 Bc5
16.Bxc5 Qxc5+ 17.Nd4 O-O 18.Rae1 b5 19.Re5 Bb7 20.f5 Rae8 21.f6 Rxe5 22.fxg7 Bc8
23.Qf6 Re4 24.gxf8=Q+ Qxf8 25.Qg5+ Qg7 26.Qd8+ Qf8 27.Qxd5 Rg4 28.Re1 Rg6
29.Re5 Bh3 30.Rg5 Qh6 31.Rxg6+ Qxg6 32.Kf2 Bg4 33.h3 Be6 34.Qa8+ Kg7 35.Qxa6 Qf6+
36.Kg1 Qf4 37.Qxb5 Qc1+ 38.Kf2 Bxa2 39.Nf3 Be6  1-0

[Event "Subzonal 2.3 2012"]
[Site "Pamplona COL"]
[Date "2012.11.05"]
[Round "1.18"]
[White "Botello,G"]
[Black "Sanchez L,S"]
[Result "0-1"]
[WhiteElo "1980"]
[BlackElo "2282"]

1.e4 c5 2.Nf3 e6 3.d4 cxd4 4.Nxd4 Nc6 5.Nc3 Qc7 6.Be2 a6 7.O-O Nf6 8.Re1 b5
9.Bf3 Ne5 10.Bf4 d6 11.Bg3 Bb7 12.h3 Be7 13.Kh1 O-O 14.Rc1 Rac8 15.a3 Nc4
16.Rb1 Nxa3 17.bxa3 Qxc3 18.a4 Rc4 19.Ne2 Qa3 20.axb5 Bxe4 21.Rb3 Qa2 22.Nc3 Bxf3
23.Nxa2 Bxd1 24.Rxd1 axb5 25.c3 Nd5 26.Rxb5 Ra4 27.c4 Rxc4 28.Rb7 f5 29.f3 Ra8
30.Rb2 Bf6 31.Rbd2 f4 32.Bf2 Ne3 33.Re1 Nc2  0-1

[Event "Subzonal 2.3 2012"]
[Site "Pamplona COL"]
[Date "2012.11.05"]
[Round "2.16"]
[White "Barros,R2"]
[Black "Mendoza,Raf"]
[Result "0-1"]
[WhiteElo "2217"]
[BlackElo "2343"]

1.e4 c5 2.Nf3 Nc6 3.Nc3 e6 4.d4 cxd4 5.Nxd4 Qc7 6.Be3 Nf6 7.Bd3 a6 8.O-O b5
9.Nxc6 dxc6 10.a4 b4 11.Nb1 c5 12.Nd2 Bb7 13.b3 Be7 14.Qe2 O-O 15.f4 c4 16.bxc4 Nd7
17.Kh1 e5 18.fxe5 Nxe5 19.Nb3 Rac8 20.Rad1 Nxc4 21.Bf4 Ne5 22.Bxa6 Bxa6 23.Qxa6 Qxc2
24.Nd4 Qxe4 25.Bxe5 Qxe5 26.Nc6 Qe6 27.Rc1 Bd6 28.h3 Ra8 29.Qb5 Qe3 30.Qc4 Qg3
31.Kg1 Rxa4 32.Rf3 Qh2+ 33.Kf2 Ra3 34.Rxa3 bxa3 35.Rc3 h6 36.Rf3 a2 37.Qd4 a1=Q
38.Qxa1 Bc5+ 39.Nd4 Qe5  0-1

[Event "TCh-ESP CECLUB Div Honor 2012"]
[Site "Leon ESP"]
[Date "2012.11.06"]
[Round "2.3"]
[White "Negi,P"]
[Black "Kovalyov,A"]
[Result "1/2-1/2"]
[WhiteElo "2638"]
[BlackElo "2596"]

1.e4 c5 2.Nf3 e6 3.d4 cxd4 4.Nxd4 Nc6 5.Nc3 a6 6.Nxc6 bxc6 7.Bd3 d5 8.O-O Nf6
9.Re1 Bb7 10.Qf3 Be7 11.Qg3 Kf8 12.b3 h5 13.h3 h4 14.Qf3 Bb4 15.Bd2 d4 16.Nb1 Bxd2
17.Nxd2 c5 18.Rac1 e5 19.c3 Qe7 20.cxd4 cxd4 21.Rc2 Rh6 22.Rec1 Ne8 23.Rc5 Kg8
24.b4 Qg5 25.R1c2 Nd6 26.Qg4 Qf6 27.Nf3 Re8 28.Kf1 g6 29.Nd2 Kg7 30.Qe2 Nb5
31.Bxb5 axb5 32.Rc7 Rb8 33.Kg1 Rhh8 34.R2c5 Rhe8 35.Qxb5 Ba6 36.Qd7 Qf4 37.b5 Rbd8
38.Qg4 Qxd2 39.R5c6 Qh6 40.bxa6 d3 41.Rd7 Qh5 42.Qxh5 gxh5 43.Rcd6 Rxd7 44.Rxd7 Ra8
45.Rxd3 Rxa6 46.a3 Kg6 47.Kf1 Kg5 48.Rf3 Ra4 49.Rxf7 Rxe4 50.Ra7 Kf5 51.Rf7+ Kg5
52.Rf3 Ra4 53.Ke1 e4 54.Rb3 Kf4 55.f3 Ra8 56.fxe4 Rc8 57.Kd1 Kxe4 58.a4 Rg8
59.a5 Rxg2 60.Ra3 Kd5 61.a6 Rg8 62.a7 Ra8 63.Ke2 Kc6 64.Kf3 Rf8+ 65.Ke4 Kb7
66.Ke5 Ka8 67.Ra4 Rf7 68.Rxh4 Rxa7 69.Kf6 Kb7 70.Rxh5 Kc6 71.Rh8 Ra3 72.h4 Kd7
73.h5 Rf3+ 74.Kg7 Ke7 75.Ra8 Rg3+ 76.Kh7 Kf7 77.h6 Rg1 78.Ra2 Rg3 79.Rf2+ Ke7
80.Kh8  1/2-1/2

[Event "Subzonal 2.3 2012"]
[Site "Pamplona COL"]
[Date "2012.11.06"]
[Round "4.3"]
[White "Barrientos,S"]
[Black "Sanchez L,S"]
[Result "1/2-1/2"]
[WhiteElo "2458"]
[BlackElo "2282"]

1.e4 c5 2.Nf3 e6 3.d4 cxd4 4.Nxd4 Nc6 5.Nc3 Qc7 6.f4 a6 7.Nxc6 Qxc6 8.Bd3 b5
9.Qe2 Bb7 10.Bd2 Bc5 11.a3 Ne7 12.O-O-O Rc8 13.h4 Qb6 14.Kb1 O-O 15.h5 d5
16.e5 Nf5 17.Rh3 Bc6 18.Qg4 Rfd8 19.Ne2 a5 20.Ng3 Nh6 21.Qg5 b4 22.a4 Bxa4
23.f5 b3 24.c3 Bb5 25.Bxb5 Qxb5 26.f6 Bf8 27.fxg7 Bxg7 28.Rh4 d4 29.Be3 Qa4
30.Bxd4 Qa2+ 31.Kc1 Qa1+ 32.Kd2 Qxb2+ 33.Ke1 Qxg2 34.Rd2 Qb7 35.c4 Rxd4 36.Rhxd4 Kh8
37.Rd8+ Rxd8 38.Rxd8+ Ng8 39.h6 Bf8 40.Nh5 Qh1+ 41.Ke2 Qe4+ 42.Kf2 Bc5+ 43.Kg3 Qe1+
44.Kh3 Qf1+ 45.Qg2 Qf5+ 46.Qg4 Qf1+ 47.Qg2 Qf5+  1/2-1/2

[Event "72nd ch-ITA 2012"]
[Site "Torino ITA"]
[Date "2012.11.07"]
[Round "8"]
[White "Dvirnyy,D"]
[Black "David,Alb"]
[Result "0-1"]
[WhiteElo "2522"]
[BlackElo "2590"]

1.e4 c5 2.Nf3 e6 3.d4 cxd4 4.Nxd4 Nc6 5.Nc3 Qc7 6.Be2 a6 7.O-O Nf6 8.Be3 Be7
9.f4 d6 10.a4 O-O 11.Bf3 Na5 12.Bf2 Re8 13.Nde2 Nc6 14.Qd2 Rb8 15.Kh1 Nd7
16.Rfc1 b6 17.Nd1 Na5 18.Ne3 Bb7 19.Rab1 Nf6 20.Qd3 d5 21.e5 Ne4 22.Be1 Rbc8
23.h4 Red8 24.Nd4 Nc5 25.Qe2 Nxa4 26.Bg3 Nc6 27.Rd1 Nxd4 28.Rxd4 Nc5 29.f5 Ne4
30.Bxe4 dxe4 31.Rxd8+ Rxd8 32.f6 Bxf6 33.Ng4 Be7 34.Qf2 e3 35.Nxe3 Bc5 36.Rf1 Bxe3
37.Qxe3 Qxc2 38.Rf2 Qb1+ 39.Kh2 Rd1  0-1

[Event "TCh-ESP CECLUB Div Honor 2012"]
[Site "Leon ESP"]
[Date "2012.11.08"]
[Round "4.1"]
[White "Alsina Leal,D"]
[Black "Mchedlishvili,M"]
[Result "0-1"]
[WhiteElo "2536"]
[BlackElo "2639"]

1.e4 c5 2.Nf3 e6 3.d4 cxd4 4.Nxd4 Nc6 5.Nc3 Qc7 6.Be3 a6 7.Qd2 Nf6 8.O-O-O Be7
9.f3 O-O 10.g4 b5 11.Kb1 Ne5 12.g5 Nh5 13.f4 Ng4 14.e5 Bb7 15.Rg1 b4 16.Nce2 Nxe3
17.Qxe3 Rac8 18.Bh3 g6 19.Bg4 Ng7 20.h4 d6 21.exd6 Bxd6 22.h5 gxh5 23.Bh3 Rfd8
24.Rd2 Bc5 25.Rgd1 a5 26.c3 Qb6 27.Ka1 a4 28.Ng3 a3 29.f5 axb2+ 30.Rxb2 Qd6
31.fxe6 fxe6 32.Nxh5 bxc3 33.Nf6+ Kh8 34.Qd3 cxb2+ 35.Kb1 Nf5 36.Bxf5 Qxd4  0-1

[Event "WY BU16 2012"]
[Site "Maribor SLO"]
[Date "2012.11.08"]
[Round "1.18"]
[White "Vos,T"]
[Black "Sanzhaev,D"]
[Result "0-1"]
[WhiteElo "2012"]
[BlackElo "2319"]

1.e4 c5 2.Nf3 e6 3.d4 cxd4 4.Nxd4 Nc6 5.Nc3 Qc7 6.Be3 a6 7.Be2 Nf6 8.O-O Be7
9.f4 d6 10.a4 O-O 11.Kh1 Nxd4 12.Bxd4 e5 13.Be3 exf4 14.Rxf4 Be6 15.Nd5 Bxd5
16.exd5 Nd7 17.c4 Bg5 18.Rf3 Bxe3 19.Rxe3 Rae8 20.Qd4 a5 21.Bd3 Rxe3 22.Qxe3 Ne5
23.Bf1 f5 24.Re1 f4 25.Qe4 Qb6 26.Bd3 g6 27.Bc2 f3 28.gxf3 Rxf3 29.b3 Rf2
30.Bd1 Qd8 31.c5 Qf6 32.Kg1 Rf4 33.Qe3 dxc5 34.Qxc5 Rf5 35.Qc8+ Kg7 36.Qxb7+ Kh6
37.Qa7 Rg5+ 38.Kh1 Nd3 39.Qe3 Nf2+  0-1

[Event "WY GU18 2012"]
[Site "Maribor SLO"]
[Date "2012.11.08"]
[Round "1"]
[White "Turkova,K"]
[Black "Arabidze,M"]
[Result "0-1"]
[WhiteElo "1993"]
[BlackElo "2391"]

1.e4 c5 2.Nf3 e6 3.d4 cxd4 4.Nxd4 Nc6 5.Nc3 a6 6.Be2 d6 7.O-O Nf6 8.Be3 Be7
9.Kh1 O-O 10.f4 Qc7 11.Nb3 b5 12.a3 Bb7 13.Qe1 b4 14.axb4 Nxb4 15.Qd2 Rab8
16.Bf3 Ba8 17.Qf2 Nd7 18.Ra4 Bc6 19.Ra5 Nc5 20.Ra3 Nxb3 21.Rxb3 Nd3 22.Qe2 Nxb2
23.Qxa6 Rxb3 24.cxb3 Bb7 25.Qb6 Qxc3 26.Qxb7 Qxe3 27.Qxe7 Nd3 28.g3 Nf2+
29.Kg2 Nxe4 30.Qb7 Qd2+ 31.Kg1 Qe3+ 32.Kg2 Nd2 33.Rd1 d5 34.Rxd2 Qxd2+ 35.Kh3 Qf2
36.Bg2 Qe2 37.Qe7 Qh5+  0-1

[Event "WY BU18 2012"]
[Site "Maribor SLO"]
[Date "2012.11.08"]
[Round "1.36"]
[White "Mons,L"]
[Black "Esenbek Uulu,Bakai"]
[Result "1-0"]
[WhiteElo "2332"]
[BlackElo "1984"]

1.e4 c5 2.Nf3 e6 3.d4 cxd4 4.Nxd4 Nc6 5.Nc3 Nf6 6.Ndb5 d6 7.Bf4 e5 8.Bg5 a6
9.Na3 b5 10.Nd5 Be6 11.c4 Qa5+ 12.Bd2 b4 13.Nxf6+ gxf6 14.Nc2 Qb6 15.Ne3 Rc8
16.Nf5 Bxf5 17.exf5 Rd8 18.Be3 Qa5 19.g3 Ne7 20.Bg2 Nxf5 21.Bd2 Nd4 22.a3 Qc7
23.Qa4+ Rd7 24.Bd5 b3 25.O-O Ke7 26.Rad1 h5 27.Be3 Ne2+ 28.Kg2 Bh6 29.Qxb3 Rb8
30.Qc2 Bxe3 31.fxe3  1-0

[Event "WY BU14 2012"]
[Site "Maribor SLO"]
[Date "2012.11.08"]
[Round "1.43"]
[White "Chandran,Kapil"]
[Black "Dolinar,Matic"]
[Result "1-0"]
[WhiteElo "2096"]
[BlackElo "1725"]

1.e4 c5 2.Nf3 e6 3.d4 cxd4 4.Nxd4 Nc6 5.Nc3 a6 6.Nxc6 bxc6 7.Bd3 Qc7 8.O-O Nf6
9.Qe2 Be7 10.f4 O-O 11.e5 Nd5 12.Rf3 d6 13.Bd2 dxe5 14.fxe5 Qb6+ 15.Kh1 Qxb2
16.Raf1 f5 17.exf6 Rxf6 18.Ne4 Rxf3 19.Qxf3 Nf6 20.Bc3 Qb7 21.Nxf6+ Bxf6
22.Bxf6 gxf6 23.Qxf6 Qg7 24.Qd8+  1-0

[Event "WY BU18 2012"]
[Site "Maribor SLO"]
[Date "2012.11.08"]
[Round "1"]
[White "Predke,A"]
[Black "Patil,Pr2"]
[Result "1-0"]
[WhiteElo "2509"]
[BlackElo "2208"]

1.e4 c5 2.Nf3 e6 3.d4 cxd4 4.Nxd4 Nc6 5.Nc3 Qc7 6.Be3 a6 7.Be2 Nf6 8.O-O Bb4
9.Na4 Be7 10.Nxc6 bxc6 11.Nb6 Rb8 12.Nxc8 Qxc8 13.e5 Nd5 14.Bc1 c5 15.a3 O-O
16.c4 Nc7 17.Bd3 Ne8 18.Bc2 g6 19.Qd3 f6 20.Ba4 d6 21.exf6 Nxf6 22.Re1 Ng4
23.f3 Ne5 24.Qe4 Bf6 25.Bh6 Rf7 26.Rad1 Qc7 27.Bc1 Re7 28.f4 Ng4 29.Qf3 Qa5
30.Qxg4 Qxa4 31.Rxd6 Qxc4 32.Qe2 Bd4+ 33.Kf1 Qxe2+ 34.Rxe2 Kf7 35.Rxa6 Reb7
36.Raxe6 Bxb2 37.Bxb2 Rxb2 38.Re7+ Kf6 39.Rxh7 Rxe2 40.Kxe2 Kf5 41.Kd3 Kxf4
42.Kc4 Ra8 43.Rh3 Ra5 44.Kd5 g5 45.Rf3+ Kg4 46.Kc6 c4 47.h3+ Kh5 48.Rc3 Re5
49.Rxc4 Re2 50.Rg4 Ra2 51.a4 Rc2+ 52.Kb5 Rb2+ 53.Kc4 Rf2 54.a5 Ra2 55.Kb5 Rb2+
56.Rb4 Rxg2 57.a6  1-0

[Event "Subzonal 2.3 2012"]
[Site "Pamplona COL"]
[Date "2012.11.08"]
[Round "7.1"]
[White "Sanchez L,S"]
[Black "Zapata,Alo"]
[Result "1-0"]
[WhiteElo "2282"]
[BlackElo "2470"]

1.e4 c5 2.Nf3 e6 3.d4 cxd4 4.Nxd4 Nc6 5.Nc3 Qc7 6.g3 d6 7.Bg2 Nxd4 8.Qxd4 Nf6
9.O-O Bd7 10.Bg5 Be7 11.Rad1 a6 12.Bxf6 gxf6 13.Rd2 Rc8 14.Rfd1 b5 15.a3 Qc5
16.Ne2 O-O 17.Qxc5 Rxc5 18.Nd4 Rc7 19.f4 a5 20.Bh3 b4 21.axb4 axb4 22.Bf1 Rfc8
23.Ba6 Ra8 24.Bb5 Bc8 25.f5 Bf8 26.b3 e5 27.Nf3 Rc3 28.Kf2 d5 29.Rxd5 Bb7
30.Bd3 Bc5+ 31.Kg2 Bxd5 32.exd5 Ra2 33.Kh3 Be3 34.d6 Kf8 35.Re1 Bc5 36.d7 Ke7
37.Re4 Kxd7 38.Rh4 Ke7 39.Rxh7 Raxc2 40.Bxc2 Rxc2 41.Rh4 Rb2 42.Rc4 Kd6 43.Kg4 Kd5
44.Rc1 Rxb3 45.Rd1+ Kc6 46.h4 Be3 47.h5 Rc3 48.Rd8 Rc4+ 49.Kh3 b3 50.Rb8 e4
51.Rxb3 Bh6 52.Nh2 e3 53.Rb2 Rd4 54.Ng4 Rd2 55.Rb1 e2 56.Re1 Rd1 57.Rxe2 Bg5
58.h6 Rd8 59.Re7 Bxh6 60.Rxf7 Kd5  1-0

[Event "TCh-ESP CECLUB Div Honor 2012"]
[Site "Leon ESP"]
[Date "2012.11.09"]
[Round "5.2"]
[White "Giri,A"]
[Black "Bauer,Ch"]
[Result "1-0"]
[WhiteElo "2715"]
[BlackElo "2639"]

1.d4 e6 2.Nf3 c5 3.e4 cxd4 4.Nxd4 Nc6 5.Nc3 Qc7 6.Be3 Nf6 7.f4 Bb4 8.Nb5 Qa5
9.e5 Nd5 10.Bd2 Nxc3 11.Bxc3 O-O 12.Qd2 f6 13.exf6 Rxf6 14.g3 d5 15.Bxb4 Nxb4
16.Nd4 Qb6 17.c3 Nc6 18.O-O-O Bd7 19.Be2 Be8 20.Bg4 Nxd4 21.Qxd4 Qxd4 22.Rxd4 Bg6
23.Bf3 Bf7 24.Rd3 h6 25.Re1 Rc8 26.Re5 Rc4 27.b3 Rc7 28.Kd2 Kf8 29.h4 Be8
30.Rd4 Bc6 31.a4 Rd7 32.g4 Rdf7 33.Ke3 Ke7 34.c4 dxc4 35.Bxc6 bxc6 36.bxc4 Kf8
37.g5 hxg5 38.hxg5 Rf5 39.Rxe6 Re7 40.Rde4 Rxe6 41.Rxe6 Ra5 42.Rxc6 Rxa4
43.f5 Ra1 44.Rc8+ Ke7 45.Rc7+ Kf8 46.c5 Rc1 47.g6 a5 48.Rf7+ Kg8 49.Ke4  1-0